000 00702nam a2200217 i 4500
001 93022
003 ES-MaACL
005 20230906181117.0
007 t|
008 050407s1980 sp ||||1| spa d
100 1 _aLocke, John.
_973046
245 1 0 _aEnsayo sobre el gobierno civil /
_cJohn Locke; traducción por Amando Lázaro Ros; introducción Luis Rodríguez Aranda.
260 _aMadrid :
_bAguilar,
_c1980.
300 _aXXIII, 189 p. ;
_c19 cm.
490 1 _aIniciación. Política
700 1 _aLázaro Ros, Amando.
_970807
700 1 _aRodríguez Aranda, Luis.
_998344
830 0 _aIniciación. Política
_9183605
852 _aES-MaACL
_jC-4171
_bR.100290
999 _c93022
_d93022